Oligopoly pricing : (Record no. 15257)

000 -LEADER
fixed length control field 00484cam a22001814a 4500
020 ## - INTERNATIONAL STANDARD BOOK NUMBER
ISBN 0262220601 (hc : alk. paper)
040 ## - CATALOGING SOURCE
Transcribing agency DLC
082 00 - DEWEY DECIMAL CLASSIFICATION NUMBER
Classification number 338 MIT 1999 A076 Or.
100 1# - MAIN ENTRY--AUTHOR NAME
Personal name Vives, Xavier.
245 10 - TITLE STATEMENT
Title Oligopoly pricing :
Remainder of title old ideas and new tools /
260 ## - PUBLICATION, DISTRIBUTION, ETC. (IMPRINT)
Place of publication Cambridge, Mass. :
Name of publisher MIT Press,
Year of publication c1999.
300 ## - PHYSICAL DESCRIPTION
Number of Pages xiv, 425 p. :
Other physical details ill. ;
Dimensions 24 cm.
650 #0 - SUBJECT ADDED ENTRY--TOPICAL TERM
Topical Term Oligopolies.
650 #0 - SUBJECT ADDED ENTRY--TOPICAL TERM
Topical Term Pricing.
650 #0 - SUBJECT ADDED ENTRY--TOPICAL TERM
Topical Term Competition.
650 #0 - SUBJECT ADDED ENTRY--TOPICAL TERM
Topical Term Game theory.
942 ## - ADDED ENTRY ELEMENTS (KOHA)
Koha item type សៀវភៅភាសាអង់គ្លេស
952 ## - LOCATION AND ITEM INFORMATION (KOHA)
Withdrawn status [LOCAL, KOHA] 0
Holdings
Permanent Location Date acquired Koha item type Lost status Shelving location Barcode Current Location Full call number
Library Block A2017-11-14សៀវភៅភាសាអង់គ្លេស A076A06262Library Block A338 MIT 1999 A076 Or.
មជ្ឈមណ្ឌលឯការនៃសាកលវិទ្យាល័យភូមិន្ទកសិកម្មចំការដូង

Powered by Koha